MDQL
is popping MORE tags! Check the
thread
!
Quizzes
Events
Quiz Creation
Community
Videos
Private Events
Remove Ads
Sign In
Join for FREE
Feedback
Dark Mode
Quiz Categories
Sports
Geography
Music
Movies
Television
Just For Fun
Miscellaneous
History
Literature
Language
Science
Gaming
Entertainment
Religion
Holiday
For Kids
Quiz Lab
Recent
Popular Today
Quiz Kudos Today
Editor Picks
Curator Picks
Quizzes by...
Day
Popularity
Type
Ratings
Length
Year
Community
Subscriptions
Recent Discussions
Orange Saloon
Badges
Playlists
Quests
Create
Leaderboards
Showdown
Live 5
Trivia Bingo
Activity
Puzzle Library
Sporcle Events
Private Events
Virtual Trivia
Globe League
Become a Host
Pub Owners
SporcleCon
Opinionation
Our Games
Videos
Blog
Mobile Apps
Partnerships
Remove Ads and Go Orange
Feedback
Sports
Athletes
MLB
NBA
NHL
NFL
Soccer
Sports Teams
WWE
NCAA
Football
Premier League
Basketball
Baseball
Hockey
Golf
Tennis
Cricket
Rugby
Auto Racing
Olympics
World Cup
Sports
Athletes
MLB
NBA
NHL
NFL
Soccer
Sports Teams
WWE
NCAA
Football
Premier League
Basketball
Baseball
Hockey
Golf
Tennis
Cricket
Rugby
Auto Racing
Olympics
World Cup
Random Quiz
Search Sporcle
×
Quiz Lab
Quiz Lab
Sports
Country
Type in answers that appear in a list
Type in answers that appear in a list
Classic
Best Score? Go Orange.
Nationality of ice-hockey players Stats
Can you name the nationality of these ice-hockey players?
By
screamer
5m
30 Questions
539 Plays
539 Plays
539 Plays
Comments
Comments
Give Quiz Kudos
Give Quiz Kudos
-
- Ratings
hide this ad
Forced Order
Answers have to be entered in order
Answers have to be entered in order
Replay
Link that replays current quiz
Next Quiz
Link to next quiz in quiz playlist
You Got
0%
They Got
Avg Score
72%
Avg Friend Score
Upgrade to see
Score Distribution
Jump to the score distribution portion of the page
Score
0/30
Timer
05:00
1
Play Today
Name
Country
% Correct
Ilya Kovalchuk
Russia
97.6%
Jonathan Toews
Canada
95.7%
Mike Modano
USA
93.1%
Jason Spezza
Canada
91.7%
Zach Parise
USA
89.4%
Olli Jokinen
Finland
89.4%
Shea Weber
Canada
87.9%
Alexander Frolov
Russia
85.9%
Patrik Berglund
Sweden
84%
Zdeno Chára
Slovakia
81.6%
Marián Gáborík
Slovakia
81.3%
Paul Stastny
USA
75.7%
Antero Niittymäki
Finland
75.3%
Patrice Bergeron
Canada
75%
Sergej Samsonov
Russia
74.4%
Name
Country
% Correct
Anže Kopitar
Slovenia
74%
Aleš Hemský
Czech republic
70.3%
Marek Židlický
Czech Republic
70.3%
Valtteri Filppula
Finland
70.1%
Mark Streit
Switzerland
65.1%
Milan Hejduk
Czech Republic
64.4%
Pavol Demitra
Slovakia
62.5%
Jochen Hecht
Germany
60.9%
Mikkel Boedker
Denmark
57%
Kristian Heselius
Sweden
56.4%
Johny Oduya
Sweden
56.2%
Andrej Kosticyn
Belarus
55.8%
Ruslan Salej
Belarus
55.5%
Thomas Vanek
Austria
53.4%
Dainius Zubrus
Lithuania
35.8%
Quiz Playlist
Details
Report
Send in Message
Add To Playlist
Classic:
Type in answers that appear in a list
Forced Order:
Answers have to be entered in order
Last Updated: Feb 16, 2017
Quiz Scoreboard
CHALLENGE
Sign Up to Join the Scoreboard
Show All
Scores
Hide
Comments
May contain spoilers
Recently Published
1-10 Letter E Words III
by El_Dandy
Language
2m
Street Fighter Characters
by Artimus82
Gaming
60s
College Basketball Coaching Resumes
by pancakes188
Sports
9m
More to Explore
Quiz From the Vault
Featured Blog Post
Where Did the Easter Bunny Come From?
hide this ad
You Might Also Like...
Tags
Country Quiz
Ice Hockey
Nationality
Player
Today's Top Quizzes in Sports
Browse Sports
hide this ad
Today's Top Quizzes in Country
Browse Country
Top Contributed Quizzes in Sports
1
2022 World Cup Stars
2
Les meilleurs buteurs des matchs entre le PSG et l’OM
3
FIFA Club World Cup Champions
4
Les entraîneurs de l'OM et du PSG au 21e siècle
5
Criteria MLB: Left Handed Sluggers
6
2023 MLB Unique Player Accomplishments
7
AFC Teams Reveal (Wrong Answers Minefield)
8
Players with Multiple 50 Home Run Seasons
9
5-to-1: FBS Animal Nicknames
10
5-to-1: UK Sports Teams
Explore More
Trending Topics
Anime
Harry Potter
NBA
Crossword
Disney
Marvel
Kpop
NFL
Pokémon
Puzzle
Soccer
Country
The Office
Song
WWE
hide this ad
More By:
screamer
Quiz
Plays
Rating
Category
Featured
Created
All Czech NHL players
1,623
5.00
Sports
Jun 23, 2014
ski jump world cup winners
1,566
4.00
Sports
Nov 8, 2009
Top 50 European NHL players
642
3.67
Sports
May 9, 2014
nationality of ice-hockey players
539
4.33
Sports
Nov 12, 2009
Hockey Hall of Fame Goalies Minefield
433
Sports
Jun 1, 2014
Go to Creator's Profile
Score Distribution
Quiz Creator Spotlight
screamer
Follow
Send a Message
Quizzes Created
-
Created Quiz Play Count
-
More By This Creator
Popular Quizzes Today
1
Find the US States - No Outlines Minefield
2
Find the Countries of Europe - No Outlines Minefield
3
Find the US States
4
The Countries of the World
5
Risky Map Clicking: Biggest States A-Z
6
US States
7
Popular People in 1961
8
Movies - When Are They Set?
More Sports Quizzes
All Teams in La Liga History
Published
Trending Quizzes
Risky Map Clicking: Least Populous States A-Z
1-10 Letter G Words
Countries of the World: 200 Million BC
1-10 Letter F Words
Risky Map Clicking: Next State Alphabetically
Recently Updated
Largest US Cities 1790-2010
pecheneg
Rides in Walt Disney World
pecheneg
Most Oscar Losses (Acting)
pecheneg
Beyoncé Albums
pecheneg
Leaping Animals
pecheneg
Reality TV Shows (A-Z)
bhenderson79
Rickey Henderson's Hall of Fame Teammates
pecheneg
Champions League XIs: Arsenal
pecheneg
Quick Pick: Celebrities in WWE's Hall of Fame
aduchscher
A-Z Keypad Blitz II
pecheneg
Trending Topics
Crossword
Anime
Kpop
Disney
Marvel
NBA
Harry Potter
The Office
WWE
Song
Soccer
NFL
Country
Puzzle
Pokémon
Your Account Isn't Verified!
In order to create a playlist on Sporcle, you need to verify the email address you used during registration. Go to your
Sporcle Settings
to finish the process.
Report this User
Report this user for behavior that violates our
Community Guidelines
.
Details:
Send Report
Go to the Sporcle.com Mobile Site →
Comments